000 00316nam a2200133Ia 4500
005 20251222153647.0
008 251222s9999||||xx |||||||||||||| ||spa||
020 _a9972-40-170-7
082 _a869.552/P19/Ej.2
100 _aPalma, Ricardo
245 0 _aTradiciones Peruanas
264 _bEl Comercio
942 _cLIB
999 _c32963
_d32963